[Event "Zalakaros Barczay Memorial"]
[Site "Zalakaros"]
[Date "2020.09.06"]
[Round "7"]
[White "Dlauchy, Peter"]
[Black "Boronyak, Arpad"]
[Result "0-1"]
[WhiteElo "1697"]
[BlackElo "2120"]
[PlyCount "66"]
[EventDate "2020.08.31"]
[EventType "swiss"]
[EventRounds "7"]
[EventCountry "HUN"]
[SourceTitle "CBM 198 Extra"]
[Source "ChessBase"]
[SourceDate "2020.11.30"]
[SourceVersion "1"]
[SourceVersionDate "2020.11.30"]
[SourceQuality "1"]

1. e4 c5 2. Nf3 e6 3. d4 cxd4 4. Nxd4 Nf6 5. Nc3 Nc6 6. Ndb5 d6 7. Bf4 e5 8. Bg5 a6 9. Bxf6 gxf6 10. Na3 b5 11. Nd5 f5 12. exf5 Bxf5 13. c3 Bg7 14. Nc2 0-0 15. Nce3 Be6 16. g3 f5 17. Bg2 Rb8 18. 0-0 Ne7 19. Nxe7+ Qxe7 20. Bd5 Kh8 21. Bxe6 Qxe6 22. Qd5 Qg6 23. Rad1 f4 24. Ng2 Rbd8 25. Kh1 fxg3 26. fxg3 Rxf1+ 27. Rxf1 Qc2 28. Qb3 Qxb3 29. axb3 d5 30. Nh4 d4 31. cxd4 exd4 32. Rd1 d3 33. Rd2 Bxb2 0-1

[Event "Budapest-chT1 Lilienthal 1314"]
[Site "Budapest"]
[Date "2013.11.24"]
[Round "4"]
[White "Dlauchy, Peter"]
[Black "Yip, Michael"]
[Result "1/2-1/2"]
[WhiteElo "1828"]
[BlackElo "1993"]
[PlyCount "70"]
[EventDate "2013.09.29"]
[EventType "team-tourn"]
[EventRounds "11"]
[EventCountry "HUN"]
[SourceTitle "EXT 2021"]
[Source "ChessBase"]
[SourceDate "2020.10.23"]
[SourceVersion "1"]
[SourceVersionDate "2020.10.23"]
[SourceQuality "1"]
[WhiteTeam "Budapest Vasas II"]
[BlackTeam "Rakosliget"]
[WhiteTeamCountry "HUN"]
[BlackTeamCountry "HUN"]

1. e4 d6 2. d4 Nf6 3. Nc3 e5 4. dxe5 dxe5 5. Qxd8+ Kxd8 6. Bc4 Ke8 7. Nf3 Nbd7 8. Ng5 Bb4 9. 0-0 Rf8 10. Nb5 Bd6 11. f3 h6 12. Nh3 Ke7 13. Nxd6 cxd6 14. Nf2 Nb6 15. Be2 Be6 16. b3 Rfc8 17. c4 Nbd7 18. Rd1 a5 19. Ba3 Nc5 20. Nd3 Nfd7 21. Rd2 Nxd3 22. Bxd3 Nc5 23. Be2 Rc6 24. Rad1 b6 25. Kf2 f6 26. Kf1 g5 27. g4 h5 28. h3 Rh8 29. Kg2 h4 30. Bb2 Ra8 31. Ba3 Rd8 32. Kf2 Bf7 33. Ke3 Bg6 34. Bf1 Bf7 35. Be2 Ne6 1/2-1/2

[Event "Budapest-chT1 Lilienthal 1213"]
[Site "Budapest"]
[Date "2013.05.05"]
[Round "11"]
[White "Balazs Piri, Robert"]
[Black "Dlauchy, Peter"]
[Result "1-0"]
[WhiteElo "1844"]
[BlackElo "1810"]
[PlyCount "131"]
[EventDate "2012.09.30"]
[EventType "team-tourn"]
[EventRounds "11"]
[EventCountry "HUN"]
[SourceTitle "EXT 2019"]
[Source "ChessBase"]
[SourceDate "2018.10.10"]
[SourceVersion "1"]
[SourceVersionDate "2018.10.10"]
[SourceQuality "1"]
[WhiteTeam "Taban Spartacus II"]
[BlackTeam "Budapest Vasas II"]
[WhiteTeamCountry "HUN"]
[BlackTeamCountry "HUN"]

1. e4 e6 2. d4 d5 3. Nc3 Bb4 4. Bd3 dxe4 5. Bxe4 Nf6 6. Bf3 c5 7. Nge2 Nc6 8. a3 Bxc3+ 9. bxc3 Qa5 10. 0-0 0-0 11. Bg5 Nd7 12. Bd2 Qd8 13. Be3 c4 14. Qd2 h6 15. Rfb1 Nb6 16. a4 Nd5 17. Ng3 Nxe3 18. fxe3 Qc7 19. e4 Rd8 20. Qe3 Rb8 21. Rb5 b6 22. e5 Bb7 23. Ne4 Ne7 24. Nd6 Bxf3 25. Qxf3 Nd5 26. Rab1 Rd7 27. a5 Re7 28. a6 Rd7 29. Rf1 Rf8 30. Ne4 Kh8 31. Rbb1 Qc8 32. Ra1 Qc7 33. Nd6 Kg8 34. Ra4 Qb8 35. Qh3 Rc7 36. Rf3 Qd8 37. Rg3 Kh7 38. Nxc4 b5 39. Qg4 g6 40. Nd6 bxa4 41. c4 Nb6 42. c5 Nc8 43. Qf4 Nxd6 44. exd6 Rc6 45. Rh3 h5 46. g4 f5 47. gxh5 g5 48. Qe3 Qf6 49. Qd3 Rb8 50. c3 a3 51. Rf3 a2 52. Rf1 Qd8 53. d5 Rxc5 54. dxe6 Qb6 55. Kh1 Qc6+ 56. Kg1 Qe4 57. Qxe4 fxe4 58. Kg2 Rxc3 59. e7 Rc2+ 60. Kg3 Kg7 61. d7 Rd2 62. e8Q Rb3+ 63. Kg4 Rg2+ 64. Kf5 Rb5+ 65. Ke6 Rb6+ 66. Ke7 1-0

[Event "Budapest Spring op 29th"]
[Site "Budapest"]
[Date "2013.03.20"]
[Round "3"]
[White "Dlauchy, Peter"]
[Black "Grimm, Gyorgy"]
[Result "0-1"]
[WhiteElo "1832"]
[BlackElo "2066"]
[PlyCount "86"]
[EventDate "2013.03.18"]
[EventType "swiss"]
[EventRounds "9"]
[EventCountry "HUN"]
[SourceTitle "CBM 153 Extra"]
[Source "ChessBase"]
[SourceDate "2013.04.22"]
[SourceVersion "1"]
[SourceVersionDate "2013.04.22"]
[SourceQuality "1"]

1. e4 d5 2. exd5 Qxd5 3. Nc3 Qd6 4. d4 c6 5. Nf3 Nf6 6. Bd3 Bg4 7. Be3 Nbd7 8. 0-0 e6 9. a3 Qc7 10. Re1 Bd6 11. h3 Bh5 12. Qe2 0-0 13. Rad1 Rfe8 14. Kh1 e5 15. dxe5 Nxe5 16. Rg1 Nxf3 17. gxf3 Qe7 18. Kg2 Qe5 19. Rh1 Bxa3 20. Qd2 Bc5 21. Rde1 Bxe3 22. Qxe3 Qd6 23. Qg5 Bg6 24. Ne4 Nxe4 25. fxe4 Qd4 26. Qf4 b6 27. b3 Re7 28. Re2 Rae8 29. Rhe1 f5 30. f3 fxe4 31. fxe4 b5 32. Qg4 Qc5 33. Re3 Qe5 34. Kg1 Rf8 35. Rf1 Rxf1+ 36. Kxf1 Be8 37. Kg2 Re6 38. Kh1 Bh5 39. Qg2 Rg6 40. Qf2 Rf6 41. Qg2 Qf4 42. Rg3 Bf3 43. Rxg7+ Kf8 0-1

[Event "Budapest Spring op 29th"]
[Site "Budapest"]
[Date "2013.03.18"]
[Round "1"]
[White "Juhasz, Armin"]
[Black "Dlauchy, Peter"]
[Result "1-0"]
[WhiteElo "2192"]
[BlackElo "1832"]
[PlyCount "87"]
[EventDate "2013.03.18"]
[EventType "swiss"]
[EventRounds "9"]
[EventCountry "HUN"]
[SourceTitle "CBM 153 Extra"]
[Source "ChessBase"]
[SourceDate "2013.04.22"]
[SourceVersion "1"]
[SourceVersionDate "2013.04.22"]
[SourceQuality "1"]

1. c4 e6 2. Nc3 d5 3. d4 Nf6 4. cxd5 exd5 5. Bg5 Be7 6. e3 c6 7. Bd3 Nbd7 8. Qc2 0-0 9. Nf3 Re8 10. h3 Nf8 11. 0-0 Ng6 12. Ne5 Nd7 13. Bxe7 Qxe7 14. Nxd7 Bxd7 15. Rab1 Kh8 16. Rbe1 Nh4 17. f4 Qf6 18. g4 Ng6 19. Qf2 Qd6 20. Ne2 Nf8 21. a3 Re7 22. Ng3 Rae8 23. f5 Qh6 24. f6 gxf6 25. e4 Qxh3 26. Qxf6+ Kg8 27. Re3 Ng6 28. Nf5 Qxg4+ 29. Rg3 Bxf5 30. Rxg4 Bxg4 31. e5 Be6 32. b4 a6 33. Rf2 Bc8 34. Rh2 Re6 35. Qf3 Kg7 36. Qh5 Rh8 37. Bf5 Ree8 38. Qh6+ Kg8 39. Bxc8 Rxc8 40. Rf2 Re8 41. Rf6 Re7 42. Rd6 Re8 43. Rd7 Rb8 44. Rc7 1-0

[Event "Budapest-chT1 Lilienthal 1213"]
[Site "Budapest"]
[Date "2013.02.24"]
[Round "8"]
[White "Dlauchy, Peter"]
[Black "Horvath, Ilona Klara"]
[Result "1-0"]
[WhiteElo "1810"]
[BlackElo "1846"]
[PlyCount "93"]
[EventDate "2012.09.30"]
[EventType "team-tourn"]
[EventRounds "11"]
[EventCountry "HUN"]
[SourceTitle "EXT 2019"]
[Source "ChessBase"]
[SourceDate "2018.10.10"]
[SourceVersion "1"]
[SourceVersionDate "2018.10.10"]
[SourceQuality "1"]
[WhiteTeam "Budapest Vasas II"]
[BlackTeam "Fabulon"]
[WhiteTeamCountry "HUN"]
[BlackTeamCountry "HUN"]

1. e4 c6 2. d4 d5 3. exd5 cxd5 4. Bd3 Nf6 5. c3 Nc6 6. Bf4 Bg4 7. Qb3 Qb6 8. Na3 Qxb3 9. axb3 Nh5 10. Be3 0-0-0 11. h3 Bd7 12. Nf3 e6 13. Ne5 Nxe5 14. dxe5 g6 15. Bxa7 Nf4 16. Bf1 Bg7 17. g3 Nh5 18. Bb6 Rde8 19. Nb5 Bxb5 20. Bxb5 Bxe5 21. Ra8+ Bb8 22. Bxe8 Rxe8 23. Ba7 Kc7 24. Rxb8 Rxb8 25. Bxb8+ Kxb8 26. Kd2 Kc7 27. Ra1 Nf6 28. Ra8 Ne4+ 29. Ke3 Nd6 30. Rh8 h5 31. Rh7 Kd7 32. Kd4 Ke7 33. b4 Ne4 34. Rh8 Nxf2 35. Rb8 Nd1 36. Rxb7+ Kd6 37. Rxf7 Nxb2 38. Rf6 g5 39. Rg6 g4 40. hxg4 hxg4 41. Rxg4 Nc4 42. Rg8 e5+ 43. Kd3 Ke7 44. Rc8 Nd6 45. Rc7+ Kf8 46. g4 e4+ 47. Ke2 1-0

[Event "Budapest-chT1 Lilienthal 1112"]
[Site "Budapest"]
[Date "2012.03.04"]
[Round "9"]
[White "Vendeg, Balazs"]
[Black "Dlauchy, Peter"]
[Result "1-0"]
[WhiteElo "1915"]
[BlackElo "1930"]
[PlyCount "123"]
[EventDate "2011.10.02"]
[EventType "team-tourn"]
[EventRounds "11"]
[EventCountry "HUN"]
[SourceTitle "EXT 2020"]
[Source "ChessBase"]
[SourceDate "2019.10.17"]
[SourceVersion "1"]
[SourceVersionDate "2019.10.17"]
[SourceQuality "1"]
[WhiteTeam "Hid Unio"]
[BlackTeam "Budapest Vasas II"]
[WhiteTeamCountry "HUN"]
[BlackTeamCountry "HUN"]

1. d4 d5 2. Nf3 Nf6 3. c4 e6 4. cxd5 exd5 5. Nc3 c6 6. Qc2 Be7 7. Bg5 Nbd7 8. e3 0-0 9. Bd3 Re8 10. 0-0 Nf8 11. Bxf6 Bxf6 12. b4 Ng6 13. b5 Bd7 14. bxc6 bxc6 15. Na4 Qc8 16. Nc5 Bg4 17. Nd2 Be7 18. Rfc1 Bxc5 19. Qxc5 Bd7 20. Qa5 Qd8 21. Qxd8 Rexd8 22. Rc5 Rdb8 23. Nb3 Rb6 24. Rac1 Ne7 25. Ra5 Kf8 26. g3 g6 27. Kg2 Ke8 28. h4 h5 29. Nc5 Nc8 30. Rc3 Kd8 31. Rca3 Ke7 32. Nb3 Be6 33. Kf3 Bg4+ 34. Kf4 Kf6 35. f3 Bd7 36. e4 Be6 37. e5+ Ke7 38. Ba6 Kd8 39. Bxc8 Kxc8 40. Rxa7 Rxa7 41. Rxa7 Rb4 42. Ra5 Kc7 43. Kg5 Kb6 44. Ra8 Rc4 45. Kf4 c5 46. Ke3 Rc3+ 47. Kd2 Rxf3 48. Nxc5 Rxg3 49. Ra6+ Kb5 50. a4+ Kc4 51. Nxe6 fxe6 52. Rxe6 Kxd4 53. a5 Rg2+ 54. Ke1 Ke3 55. Kf1 Rg4 56. a6 Rf4+ 57. Kg2 Rg4+ 58. Kh3 Ra4 59. Rd6 d4 60. e6 d3 61. e7 Re4 62. a7 1-0

[Event "Budapest-chT1 Lilienthal 1011"]
[Site "Budapest"]
[Date "2011.03.20"]
[Round "11"]
[White "Dlauchy, Peter"]
[Black "Kovacs, Daniel1111"]
[Result "1-0"]
[WhiteElo "1881"]
[BlackElo "1801"]
[PlyCount "53"]
[EventDate "2010.09.19"]
[EventType "team-tourn"]
[EventRounds "11"]
[EventCountry "HUN"]
[SourceTitle "EXT 2020"]
[Source "ChessBase"]
[SourceDate "2019.10.17"]
[SourceVersion "1"]
[SourceVersionDate "2019.10.17"]
[SourceQuality "1"]
[WhiteTeam "Budapest Vasas II"]
[BlackTeam "Budapest HUSI II"]
[WhiteTeamCountry "HUN"]
[BlackTeamCountry "HUN"]

1. e4 e5 2. Nf3 Nc6 3. d4 exd4 4. Bc4 Be7 5. c3 d6 6. Qb3 Ne5 7. Nxe5 dxe5 8. Bxf7+ Kf8 9. Bxg8 Rxg8 10. 0-0 g5 11. cxd4 Qxd4 12. Nc3 Qd6 13. Be3 c6 14. Rad1 Qf6 15. Ne2 Kg7 16. Ng3 Kh8 17. Rd2 b6 18. Rfd1 Bg4 19. f3 Be6 20. Qc3 Bf7 21. Nf5 Bf8 22. Bf2 h5 23. Bg3 Re8 24. Rd6 Bxd6 25. Rxd6 Re6 26. Bxe5 Qxe5 27. Qxe5+ 1-0

[Event "Budapest Spring op 25th"]
[Site "Budapest"]
[Date "2009.03.27"]
[Round "8"]
[White "Kiss, Peter2222"]
[Black "Dlauchy, Peter"]
[Result "0-1"]
[WhiteElo "1532"]
[BlackElo "1935"]
[PlyCount "74"]
[EventDate "2009.03.20"]
[EventType "swiss"]
[EventRounds "9"]
[EventCountry "HUN"]
[SourceTitle "CBM 129 Extra"]
[Source "ChessBase"]
[SourceDate "2009.05.05"]
[SourceVersion "2"]
[SourceVersionDate "2009.05.20"]
[SourceQuality "1"]

1. e4 e6 2. d4 d5 3. Nd2 c5 4. exd5 exd5 5. dxc5 Bxc5 6. Nb3 Bb6 7. Nd4 Nc6 8. Bb5 Bxd4 9. Qxd4 Nf6 10. Bg5 Qa5+ 11. c3 Qxb5 12. Qe3+ Be6 13. 0-0-0 0-0 14. Bxf6 gxf6 15. Qg3+ Kh8 16. Qh4 Rg8 17. Qxf6+ Rg7 18. h4 d4 19. cxd4 Qc4+ 20. Kd2 Qxd4+ 21. Qxd4 Nxd4 22. Ke3 Nf5+ 23. Kf3 Nh6 24. Rd2 Rgg8 25. a3 Rad8 26. Rxd8 Rxd8 27. Nh3 Bd5+ 28. Kf4 Bxg2 29. Rh2 Bxh3 30. Rxh3 Rd2 31. Rb3 b6 32. Kg5 Kg7 33. Rg3 Rd5+ 34. Kf4+ Kf6 35. Rg5 Rd4+ 36. Kg3 Nf5+ 37. Kg2 Nxh4+ 0-1

[Event "Heviz Palace op"]
[Site "Heviz"]
[Date "2008.03.20"]
[Round "1"]
[White "Kernazhitsky, Leonid"]
[Black "Dlauchy, Peter"]
[Result "1-0"]
[WhiteElo "2338"]
[BlackElo "1995"]
[PlyCount "63"]
[EventDate "2008.03.20"]
[EventType "swiss"]
[EventRounds "9"]
[EventCountry "HUN"]
[SourceTitle "CBM 123 Extra"]
[Source "ChessBase"]
[SourceDate "2008.05.06"]
[SourceVersion "1"]
[SourceVersionDate "2008.05.06"]
[SourceQuality "1"]

1. e4 e6 2. d3 d5 3. Qe2 Be7 4. Nf3 Nf6 5. g3 c5 6. Bg2 Nc6 7. 0-0 h6 8. h4 Qc7 9. Re1 d4 10. e5 Nd7 11. h5 b6 12. Bf4 Bb7 13. Na3 Ba6 14. Nc4 Bxc4 15. dxc4 0-0-0 16. Qe4 Ndb8 17. a3 a5 18. Reb1 Rhe8 19. g4 Rh8 20. Ne1 Kd7 21. Nd3 Na6 22. Bg3 Rhg8 23. Nf4 Rc8 24. Re1 Rgd8 25. Rad1 Ke8 26. Rd3 Nab8 27. Rf3 Kd7 28. Nd5 Qa7 29. Rxf7 Rf8 30. Rxg7 exd5 31. cxd5 Nd8 32. e6+ 1-0

[Event "Balatonlelle op-B"]
[Site "Balatonlelle"]
[Date "2006.06.24"]
[Round "8.13"]
[White "Dlauchy, Peter"]
[Black "Novaky, Csaba"]
[Result "1-0"]
[WhiteElo "2014"]
[BlackElo "1839"]
[PlyCount "111"]
[EventDate "2006.06.17"]
[EventType "swiss"]
[EventRounds "9"]
[EventCountry "HUN"]
[SourceTitle "EXT 2007"]
[Source "ChessBase"]
[SourceDate "2006.11.23"]
[SourceVersion "1"]
[SourceVersionDate "2006.11.23"]
[SourceQuality "1"]

1. e4 e5 2. Nf3 Nc6 3. d4 exd4 4. Bc4 Bc5 5. 0-0 h6 6. c3 Nf6 7. e5 d5 8. exf6 dxc4 9. fxg7 Rg8 10. Re1+ Be6 11. Bxh6 Qf6 12. Qc1 0-0-0 13. Qg5 Qxg5 14. Bxg5 Rd5 15. Bf6 d3 16. Nbd2 Rf5 17. Ne4 Bb6 18. Rad1 Bd5 19. Nfg5 Bxe4 20. Nxe4 Bxf2+ 21. Nxf2 Rxf6 22. Re4 b5 23. a4 a6 24. axb5 axb5 25. b3 Re6 26. Rxe6 fxe6 27. bxc4 bxc4 28. Re1 Kd7 29. Re4 Na5 30. Rg4 Ke7 31. Rg5 Nb3 32. Ng4 d2 33. Ne3 Kf6 34. Rg4 Rxg7 35. Rxg7 Kxg7 36. Kf2 Nc1 37. Nd1 Kf6 38. Ke3 Ke5 39. Kxd2 Nb3+ 40. Ke3 c5 41. g4 Nc1 42. Kf3 Kf6 43. h4 Nd3 44. Ke4 Nc1 45. g5+ Kf7 46. h5 Ne2 47. Kf3 Ng1+ 48. Kg4 Ne2 49. Ne3 Nxc3 50. Nxc4 Nd5 51. Ne5+ Kg8 52. g6 Ne3+ 53. Kg5 c4 54. h6 c3 55. h7+ Kg7 56. Nf7 1-0

[Event "Balatonlelle op-B"]
[Site "Balatonlelle"]
[Date "2006.06.19"]
[Round "3.9"]
[White "Straubinger, Daniel"]
[Black "Dlauchy, Peter"]
[Result "1-0"]
[WhiteElo "1954"]
[BlackElo "2014"]
[PlyCount "69"]
[EventDate "2006.06.17"]
[EventType "swiss"]
[EventRounds "9"]
[EventCountry "HUN"]
[SourceTitle "EXT 2007"]
[Source "ChessBase"]
[SourceDate "2006.11.23"]
[SourceVersion "1"]
[SourceVersionDate "2006.11.23"]
[SourceQuality "1"]

1. e4 e6 2. d4 d5 3. Nc3 Bb4 4. e5 c5 5. Bd2 Nc6 6. Nb5 cxd4 7. Bxb4 Nxb4 8. a3 Nc6 9. f4 Nh6 10. Nd6+ Kf8 11. Bd3 Nf5 12. Bxf5 exf5 13. Nf3 Qb6 14. b4 h6 15. Qd3 g6 16. 0-0 Kg7 17. Kh1 a6 18. Rad1 Be6 19. Nxd4 Nxd4 20. Qxd4 Qxd4 21. Rxd4 Rab8 22. Rf3 Rhd8 23. Rc3 Rd7 24. Kg1 Kf8 25. Kf2 Ke7 26. Ke3 Kd8 27. Rdd3 f6 28. Kd4 fxe5+ 29. fxe5 Bg8 30. Rc5 Be6 31. Rf3 Ke7 32. Rfc3 Kd8 33. Rc8+ Rxc8 34. Rxc8+ Ke7 35. Re8# 1-0

[Event "Budapest FS10 FM-B"]
[Site "Budapest"]
[Date "2005.10.10"]
[Round "9"]
[White "Dlauchy, Peter"]
[Black "Zoltan, Andras"]
[Result "1/2-1/2"]
[WhiteElo "1971"]
[BlackElo "2010"]
[PlyCount "88"]
[EventDate "2005.10.02"]
[EventType "tourn"]
[EventRounds "10"]
[EventCountry "HUN"]
[SourceTitle "CBM 108 Extra"]
[Source "ChessBase"]
[SourceDate "2005.11.04"]
[SourceVersion "1"]
[SourceVersionDate "2005.11.04"]
[SourceQuality "1"]

1. e4 e5 2. Nf3 Nc6 3. d4 exd4 4. Bc4 Nf6 5. 0-0 Bc5 6. e5 Ng4 7. Bf4 d6 8. exd6 Bxd6 9. Re1+ Kf8 10. Bxd6+ Qxd6 11. c3 Qc5 12. Nxd4 Qd6 13. Nf3 Qxd1 14. Rxd1 Bf5 15. Na3 a6 16. Rd2 Nge5 17. Nxe5 Nxe5 18. Bb3 Re8 19. Rad1 g6 20. Nc4 Nxc4 21. Bxc4 Kg7 22. Bd5 c6 23. Bf3 h5 24. h4 Re7 25. g3 Rhe8 26. Rd4 Re1+ 27. Rxe1 Rxe1+ 28. Kg2 Re7 29. Kf1 Bh3+ 30. Kg1 Bf5 31. Kg2 Kf6 32. a4 Ke5 33. Kf1 Kf6 34. Rd6+ Ke5 35. Rd8 Bh3+ 36. Kg1 Kf6 37. Rb8 Be6 38. b4 Bb3 39. a5 Bd5 40. Kg2 Ke5 41. Rd8 Ke6 42. Bxd5+ cxd5 43. Rc8 Kd6 44. Kf3 Kd7 1/2-1/2

[Event "Budapest FS10 FM-B"]
[Site "Budapest"]
[Date "2005.10.09"]
[Round "8"]
[White "Gruz, Janos"]
[Black "Dlauchy, Peter"]
[Result "1/2-1/2"]
[WhiteElo "1983"]
[BlackElo "1971"]
[PlyCount "57"]
[EventDate "2005.10.02"]
[EventType "tourn"]
[EventRounds "10"]
[EventCountry "HUN"]
[SourceTitle "CBM 108 Extra"]
[Source "ChessBase"]
[SourceDate "2005.11.04"]
[SourceVersion "1"]
[SourceVersionDate "2005.11.04"]
[SourceQuality "1"]

1. e4 e6 2. d4 d5 3. exd5 exd5 4. Bd3 Nc6 5. c3 Bd6 6. Nf3 Bg4 7. h3 Bh5 8. 0-0 Nge7 9. Bg5 Qd7 10. Nbd2 f6 11. Bh4 g5 12. Bg3 0-0-0 13. Re1 Bg6 14. Qe2 Rde8 15. Bxg6 Nxg6 16. Qf1 Nf4 17. Rxe8+ Rxe8 18. Re1 h5 19. Bxf4 Bxf4 20. Rxe8+ Qxe8 21. Qd3 Qe6 22. Nf1 Qe4 23. Qxe4 dxe4 24. N3d2 f5 25. Nc4 b5 26. Nce3 Ne7 27. Nd1 Bc1 28. b3 Kd7 29. Nfe3 1/2-1/2

[Event "Budapest FS10 FM-B"]
[Site "Budapest"]
[Date "2005.10.08"]
[Round "7"]
[White "Dlauchy, Peter"]
[Black "Dobos, Otto"]
[Result "1-0"]
[WhiteElo "1971"]
[BlackElo "1873"]
[PlyCount "53"]
[EventDate "2005.10.02"]
[EventType "tourn"]
[EventRounds "10"]
[EventCountry "HUN"]
[SourceTitle "CBM 108 Extra"]
[Source "ChessBase"]
[SourceDate "2005.11.04"]
[SourceVersion "1"]
[SourceVersionDate "2005.11.04"]
[SourceQuality "1"]

1. e4 e5 2. Nf3 d6 3. d4 exd4 4. Nxd4 Nf6 5. Nc3 g6 6. Bg5 h6 7. Bh4 g5 8. Bg3 Qe7 9. Bd3 Bg7 10. 0-0 a6 11. Nf5 Bxf5 12. exf5 0-0 13. Re1 Qd7 14. h4 g4 15. Bf4 h5 16. Qd2 Kh7 17. Ne4 Qd8 18. Bg5 Nxe4 19. Bxe4 f6 20. Bf4 Nc6 21. Rad1 Rb8 22. Qc3 Qd7 23. f3 gxf3 24. Qxf3 Bh6 25. Qxh5 Qg7 26. Rd3 Rg8 27. Rg3 1-0

[Event "Eger Agria op"]
[Site "Eger"]
[Date "2005.07.30"]
[Round "7"]
[White "Dlauchy, Peter"]
[Black "Suto, Gabor"]
[Result "1/2-1/2"]
[WhiteElo "1985"]
[BlackElo "2296"]
[PlyCount "39"]
[EventDate "2005.07.18"]
[EventType "swiss"]
[EventRounds "9"]
[EventCountry "HUN"]
[SourceTitle "EXT 2008"]
[Source "ChessBase"]
[SourceDate "2007.11.25"]
[SourceVersion "1"]
[SourceVersionDate "2007.11.25"]
[SourceQuality "1"]

1. e4 c5 2. Nf3 e6 3. d4 cxd4 4. Nxd4 a6 5. Nc3 b5 6. Bd3 Qb6 7. Nb3 Qc7 8. 0-0 Bb7 9. a3 Nf6 10. f4 b4 11. axb4 Bxb4 12. Ra4 Qb6+ 13. Kh1 Bc6 14. Ra1 a5 15. Qe2 h5 16. Be3 Qb7 17. Nc5 Qc7 18. Bd4 d6 19. N5a4 Nbd7 20. e5 1/2-1/2

[Event "Eger Agria op"]
[Site "Eger"]
[Date "2005.07.26"]
[Round "3"]
[White "Dlauchy, Peter"]
[Black "Gyurkovics, Miklos"]
[Result "1-0"]
[WhiteElo "1985"]
[BlackElo "2189"]
[PlyCount "85"]
[EventDate "2005.07.18"]
[EventType "swiss"]
[EventRounds "9"]
[EventCountry "HUN"]
[SourceTitle "EXT 2008"]
[Source "ChessBase"]
[SourceDate "2007.11.25"]
[SourceVersion "1"]
[SourceVersionDate "2007.11.25"]
[SourceQuality "1"]

1. e4 g6 2. d4 Bg7 3. Nc3 d6 4. Be3 a6 5. Bc4 b5 6. Bb3 e6 7. Qd2 Bb7 8. f3 Nd7 9. Nce2 c5 10. c3 Qa5 11. Nh3 Ngf6 12. Bh6 0-0 13. Nf2 cxd4 14. Nxd4 Rfe8 15. Bxg7 Kxg7 16. 0-0 Qb6 17. Qg5 h6 18. Qh4 e5 19. Nc2 Nc5 20. Rad1 g5 21. Qh3 Bc8 22. g4 h5 23. Kh1 Rh8 24. Qg2 Be6 25. Bd5 Bxd5 26. exd5 Na4 27. Nh3 Nxb2 28. Qd2 Nh7 29. Nxg5 Nxd1 30. Rxd1 Qd8 31. Ne4 hxg4 32. Ne3 gxf3 33. Rg1+ Kf8 34. Nf5 Nf6 35. Nexd6 e4 36. Qg5 Nh5 37. Qe3 Qf6 38. Qc5 Ng3+ 39. Rxg3 Rxh2+ 40. Kxh2 Qh8+ 41. Kg1 f2+ 42. Kxf2 Qh2+ 43. Ke3 1-0

[Event "Eger Agria op"]
[Site "Eger"]
[Date "2005.07.25"]
[Round "2"]
[White "Scherrer, Heinrich"]
[Black "Dlauchy, Peter"]
[Result "0-1"]
[WhiteElo "2121"]
[BlackElo "1985"]
[PlyCount "68"]
[EventDate "2005.07.18"]
[EventType "swiss"]
[EventRounds "9"]
[EventCountry "HUN"]
[SourceTitle "EXT 2008"]
[Source "ChessBase"]
[SourceDate "2007.11.25"]
[SourceVersion "1"]
[SourceVersionDate "2007.11.25"]
[SourceQuality "1"]

1. e4 e6 2. d4 d5 3. Nc3 Bb4 4. e5 c5 5. a3 Bxc3+ 6. bxc3 Ne7 7. Qg4 Qc7 8. Qxg7 Rg8 9. Qxh7 cxd4 10. Ne2 Nbc6 11. f4 Bd7 12. Qd3 dxc3 13. h4 0-0-0 14. h5 Na5 15. h6 Rg6 16. Rb1 Nf5 17. h7 Rh8 18. Rh3 Rg7 19. Nd4 Nxd4 20. Qxd4 Rgxh7 21. Rxc3 Nc6 22. Qd3 Rh1 23. Be3 b6 24. Kf2 Kd8 25. Qa6 Bc8 26. Qa4 Bb7 27. Rcb3 Kd7 28. Bc5 Qd8 29. g3 R8h2+ 30. Bg2 Rxb1 31. Rxb1 Kc8 32. Be3 d4 33. Bd2 Qd5 34. Rg1 Nd8 0-1

[Event "Eger Agria op"]
[Site "Eger"]
[Date "2005.07.24"]
[Round "1"]
[White "Dlauchy, Peter"]
[Black "Bakos, Balazs"]
[Result "0-1"]
[WhiteElo "1985"]
[BlackElo "2234"]
[PlyCount "60"]
[EventDate "2005.07.18"]
[EventType "swiss"]
[EventRounds "9"]
[EventCountry "HUN"]
[SourceTitle "EXT 2008"]
[Source "ChessBase"]
[SourceDate "2007.11.25"]
[SourceVersion "1"]
[SourceVersionDate "2007.11.25"]
[SourceQuality "1"]

1. e4 c5 2. Nf3 Nc6 3. d4 cxd4 4. Nxd4 g6 5. Nc3 Bg7 6. Be3 Nf6 7. Bc4 0-0 8. Bb3 a5 9. f3 d5 10. exd5 Nb4 11. Qd2 Nfxd5 12. Nxd5 Nxd5 13. Bh6 Bxh6 14. Qxh6 a4 15. Bxd5 Qxd5 16. Qe3 Rd8 17. Ne2 Bf5 18. c3 e5 19. Kf2 Qb5 20. Rhd1 Qxb2 21. Rac1 Qxa2 22. g4 Be6 23. Qb6 Rxd1 24. Rxd1 Qb3 25. Rd8+ Kg7 26. Qd6 Rxd8 27. Qxd8 Qd5 28. Qe7 b6 29. Qa7 Qc5+ 30. Kg2 a3 0-1

[Event "Balatonlelle op-B"]
[Site "Balatonlelle "]
[Date "2005.06.25"]
[Round "8"]
[White "Ignacz, Rozsa"]
[Black "Dlauchy, Peter"]
[Result "1-0"]
[WhiteElo "1877"]
[BlackElo "1989"]
[PlyCount "99"]
[EventDate "2005.06.18"]
[EventType "swiss"]
[EventRounds "9"]
[EventCountry "HUN"]
[SourceTitle "EXT 2008"]
[Source "ChessBase"]
[SourceDate "2007.11.25"]
[SourceVersion "1"]
[SourceVersionDate "2007.11.25"]
[SourceQuality "1"]

1. d4 d5 2. c4 e5 3. dxe5 d4 4. Nf3 Nc6 5. a3 a5 6. g3 Be6 7. Qc2 Qd7 8. Bd2 Bc5 9. Bg2 Nge7 10. 0-0 Ng6 11. Rd1 h6 12. Be1 Qe7 13. Nbd2 0-0 14. Nb3 Rfd8 15. Rac1 Bb6 16. c5 Bxb3 17. Qxb3 a4 18. Qc4 Ba5 19. Bxa5 Rxa5 20. Nxd4 Ncxe5 21. Qc3 b6 22. cxb6 cxb6 23. Qe3 Qf8 24. h3 Rc5 25. b3 axb3 26. Nxb3 Rxc1 27. Rxc1 Qd6 28. f4 Nd7 29. Nd2 Nc5 30. Nc4 Qf6 31. Nxb6 Qxb6 32. Qxc5 Rd1+ 33. Kh2 Qxc5 34. Rxc5 Ra1 35. Rc8+ Nf8 36. Ra8 g6 37. Bd5 Rd1 38. Bf3 Kg7 39. a4 Ra1 40. Kg2 Ne6 41. Kf2 Nc5 42. Ra5 Nb3 43. Ra7 Nc5 44. Bd5 Rxa4 45. Rxf7+ Kh8 46. Rc7 Ra5 47. Rc6 Kg7 48. Kf3 Rb5 49. Rc7+ Kf6 50. Rf7# 1-0